Características del riego suplementario en cultivos extensivos en los partidos de A. G. Chaves, Coronel Dorrego, San Cayetano y Tres Arroyos, provincia de Buenos Aires /

Guardado en:
Autor Principal: Báez, Agustín.
Formato: Libro
Idioma:Spanish
Publicado: Tres Arroyos : Chacra Experimental de Barrow, 1997.
Etiquetas: Agregar Etiqueta
Sin Etiquetas, Sea el primero en etiquetar este registro!
LEADER 00603nam a22001455a 4500
001 EEA.libagro005683
005 20161012122742.0
008 130809s1997####ag#a##########000#0#spa#d
082 0 4 |a 631.587 
082 0 4 |a 633.0098212 
100 1 |a Báez, Agustín. 
245 1 0 |a Características del riego suplementario en cultivos extensivos en los partidos de A. G. Chaves, Coronel Dorrego, San Cayetano y Tres Arroyos, provincia de Buenos Aires /  |c Agustín Báez. 
260 |a Tres Arroyos :  |b Chacra Experimental de Barrow,  |c 1997. 
300 |a 28 h. :  |b il. ;  |c 30 cm. 
859 |a AR-BbBCA  |b BIB. AGRONOMIA  |h 631.587  |i B142  |p 1997/3027